00589nam a2200133Ia 4500008004100000082002300041100002900064245011700093260002400210300001100234502009200245650007300337700004500410120622s9999 xx 000 0 und d aT 642.6 D542a 2001 aDíaz Salmeron, Anselmo aAplicación de la administración en banquetes / Anselmo Díaz Salmeron, Lourdes Guadalupe Tellez Rodríguez aMéxico : El autor a103 h. aTESIS (Lic. en administración hotelera). -- Universidad Insurgentes. Plantel Viaducto a1. ADMINISTRACION HOTELERA \ 2. COMIDAS Y BANQUETES - ADMINISTRACION aTellez Rodríguez, Lourdes GuadalupeÌ